| 000 | 00902nam a2200253 a 4500 | ||
|---|---|---|---|
| 005 | 20231101063619.0 | ||
| 008 | 991125s1985 mx 000 0 spa u | ||
| 020 | _a9681620348 | ||
| 035 | _aUPN01000003166 | ||
| 040 |
_aMX-MxUPN _bspa _cMX-MxUPN |
||
| 050 | 4 |
_aPQ7104 _bL5 no.99 |
|
| 100 | 1 |
_aCuesta, Jorge, _d1903-1941 |
|
| 245 | 1 | 0 |
_aAntología de la poesía mexicana moderna / _cJorge Cuesta ; presentación de Guillermo Sheridan. |
| 250 | _aPrimera edición | ||
| 260 |
_aMéxico : _bFondo de Cultura Económica : _bSecretaría de Educación Pública, Subsecretaría de Cultura, _c1985. |
||
| 300 | _a247 páginas | ||
| 490 |
_aLecturas mexicanas ; _v99 |
||
| 650 | 2 |
_aLiteratura mexicana _vColecciones _99428 |
|
| 650 | 4 |
_aPoesía mexicana _91273 |
|
| 650 | 2 |
_aPoetas mexicanos _91325 |
|
| 700 | 1 |
_aSheridan, Guillermo, _d1950- _epresentador _931567 |
|
| 905 | _aLibro | ||
| 942 |
_2lcc _cLIBRO |
||
| 999 |
_c3166 _d3166 |
||